Central Library OPAC University of Rajshahi

Arthurian literature in the Middle Ages : (Record no. 21683)

MARC details
000 -LEADER
fixed length control field 00983nam a2200289I 4500
001 - CONTROL NUMBER
control field 21683
003 - CONTROL NUMBER IDENTIFIER
rucl marc code MCM
005 - DATE AND TIME OF LATEST TRANSACTION
control field 20211209000721.0
008 - FIXED-LENGTH DATA ELEMENTS--GENERAL INFORMATION
fixed length control field 140305t19741959enkf 001 0 eng d
020 ## - INTERNATIONAL STANDARD BOOK NUMBER
International Standard Book Number 0198115881
035 ## - SYSTEM CONTROL NUMBER
System control number MITb10524895
System control number BD-RjUL)21748
040 ## - CATALOGING SOURCE
Original cataloging agency FNP
Transcribing agency FNP
Modifying agency RCD
-- BD-RjUL
Language of cataloging eng
041 ## - LANGUAGE CODE
Language code of text/sound track or separate title eng
082 ## - DEWEY DECIMAL CLASSIFICATION NUMBER
Classification number 879.909
Author mark and year ART 1974
090 ## - LOCALLY ASSIGNED LC-TYPE CALL NUMBER (OCLC); LOCAL CALL NUMBER (OCLC)
Local cutter number (OCLC) ; Book number/undivided call number, CALL (RLIN) L863 1961
245 00 - TITLE STATEMENT
Title Arthurian literature in the Middle Ages :
Remainder of title a collaborative history /
Statement of responsibility, etc. edited by Roger Sherman Loomis.
250 ## - EDITION STATEMENT
Edition statement Reprinted from corr. sheets of the 1st ed.
260 ## - PUBLICATION, DISTRIBUTION, ETC. (IMPRINT)
Place of publication, distribution, etc. Oxford :
Name of publisher, distributor, etc. Clarendon Press,
Date of publication, distribution, etc. c1959. [Reprinted 1974]
300 ## - PHYSICAL DESCRIPTION
Pagination xvi, 574 p., [8] leaves of plates ;
Size 24 cm.
504 ## - BIBLIOGRAPHY, ETC. NOTE
Bibliography, etc Includes bibliographical references. and Index
650 #0 - SUBJECT ADDED ENTRY--TOPICAL TERM
Topical term or geographic name as entry element Arthurian romances
General subdivision History and criticism.
9 (RLIN) 20422
Topical term or geographic name as entry element Comparative literature
General subdivision Themes, motives.
9 (RLIN) 54239
700 1# - ADDED ENTRY--PERSONAL NAME
Personal name Loomis, Roger Sherman,
Dates associated with a name 1887-1966.
942 ## - ADDED ENTRY ELEMENTS (KOHA)
Source of classification or shelving scheme Dewey Decimal Classification
Koha item type Books
949 ## - LOCAL PROCESSING INFORMATION (OCLC)
a MYGH
Holdings
Lost status Source of classification or shelving scheme Damaged status Not for loan Collection code Permanent Location Current Location Shelving location Date acquired Source of acquisition Cost, normal purchase price Total Checkouts Full call number Date last seen Copy number Koha item type
  Dewey Decimal Classification   Added to bundle Non-fiction Central Library, University of Rajshahi Central Library, University of Rajshahi Reading Room 01/06/1977 Heffer 5.75   879.909 ART 1974 05/03/2014 C-1 Books